MARC
| LEADER | 00000 a a2200000 04500 | ||
|---|---|---|---|
| 001 | 31268 | ||
| 003 | |||
| 040 | |||
| 020 | |a 9968-41-028-4 | ||
| 090 | |a 197900 | ||
| 100 | |a Scala, Jorge | ||
| 245 | |a Derechos Humanos: 7 casos controversiales en América Latina / |c Jorge Scala | ||
| 260 | |a San José: |b PROMESA | ||
| 300 | |a 301 p. | ||
| 650 | |a DERECHOS HUMANOS | ||
| 650 | |a VIDA | ||
| 650 | |a ESTUDIOS DE CASOS | ||
| 650 | |a ETICA | ||
| 650 | |a IDEOLOGIAS | ||
| 650 | |a DERECHOS DEL NIÑO | ||
| 700 | |a García Elorrio, Aurelio |a Hernández, Héctor |a Scarinci de Delbosco, Paola | ||
| 999 | |c 5254 |d 5254 | ||



